Statistics for Biggest Coastal Cities in the UK (with a Map)

Click here to take the quiz!

General Stats

  • This quiz has been taken 225 times
  • The average score is 16 of 20

Answers on the Map

Answers color-coded by a green-red scale on the quiz's map according to % correct below.
 

Answer Stats

PopulationAnswer% Correct
583,132Liverpool
97%
336,610Belfast
95%
351,884Cardiff
95%
269,781Southampton
95%
198,000Aberdeen
94%
498,050Edinburgh
93%
249,048Portsmouth
93%
244,329Brighton and Hove
92%
240,962Plymouth
92%
185,166Swansea
90%
148,600Dundee
86%
198,296Bournemouth
83%
288,651Kingston upon Hull
83%
145,446Blackpool
80%
134,920Newport
72%
175,021Sunderland
68%
184,437Southend-on-Sea
63%
159,108Poole
58%
113,918Eastbourne
52%
114,662Worthing
42%

Score Distribution

Percentile by Number Answered

Percent of People with Each Score

Your Score History

You have not taken this quiz